Szczegóły MARC21

Przewodnik studiowania : ćwiczenia : Kamerschen, McKenzie, Nardinelli - Ekonomia /

003 -Nazwa inst., której nr kontr. jest w polu 001 [,]
    • @
    • Nazwa instytucji, której n kontrolny jest w polu 001
    • NUKAT
005 -DATA I CZAS OSTATNIEJ MODYFIKACJI [,]
    • @
    • pole kontrolne
    • 20241231115816.0
020 -Międzynarod. znormalizowany nr książki - ISBN [ , ]
    • a
    • Numer ISBN
    • 8390056720 Find
040 -Instytucja sporządzająca opis [ , ]
    • a
    • Instytucja, która sporządziła opis (NP)
    • OLSZT 003/WO
    • c
    • Instytucja, która sporządziła rekord (NP)
    • OLSZT 003/WO
    • d
    • Instytucja, która zmodyfikowała rekord (P)
    • OLSZT 003/baks
    • d
    • Instytucja, która zmodyfikowała rekord (P)
    • GL 001/DA
041 -Język dokumentu [1, ]
    • a
    • Język tekstu (P)
    • polski
    • h
    • Język tekstu oryginalnego i/lub pośredniego (P)
    • angielski
044 -Kraj miejsca wydania [ , ]
    • a
    • Kraj miejsca wydania
    • Polska
    • a
    • Kraj miejsca wydania
    • Stany Zjednoczone po 1988
942 -Rodzaj dokumentu [ , ]
    • c
    • Rodzaj dokumentu
    • Książka
100 -Hasło główne - nazwa osobowa [1, ]
    • a
    • Nazwa osobowa (NP)
    • Copeland, Douglas W.
    • 9
    • KHW
    • 487125
245 -Strefa tytułu i oznaczenia odpowiedzialności [1,0]
    • a
    • Tytuł
    • Przewodnik studiowania : Find
    • b
    • Ciąg dalszy tytułu (NP)
    • ćwiczenia : Kamerschen, McKenzie, Nardinelli - Ekonomia / Find
    • c
    • Pozostałe elementy strefy tytułu i oznaczenia odpowiedzialności (NP)
    • Douglas W. Copeland ; [tł. z oryg. amer. wykonał zespół pod kier. Piotra Kuropatwińskiego].
246 -Wariant tytułu [3, ]
    • a
    • Tytuł (NP)
    • Ekonomia :
    • b
    • Ciąg dalszy tytułu (NP)
    • przewodnik do studiowania : ćwiczenia
260 -Strefa adresu wydawniczego [ , ]
    • a
    • Miejsce wydania (P)
    • Gdańsk :
    • b
    • Nazwa wydawcy (P)
    • Fundacja Gospodarcza NSZZ ;
    • a
    • Miejsce wydania (P)
    • Boston [etc.] :
    • b
    • Nazwa wydawcy (P)
    • Houghton Mifflin Company,
    • c
    • Data wydania (P)
    • 1993.
300 -Strefa opisu fizycznego [ , ]
    • a
    • Określenie formy książki i/lub objętość (NP)
    • XIV, 679 s. :
    • b
    • Oznaczenie ilustracji (NP)
    • il. ;
    • c
    • Format (NP)
    • 29 cm.
336 -Typ zawartości [ , ]
    • a
    • Termin opisujący typ zawartości
    • Tekst
    • b
    • Kod określający zawartość
    • txt
    • 2
    • Źródło (terminu i kodu)
    • rdacontent
337 -Typ mediów [ , ]
    • a
    • Tryb odtwarzania
    • Bez urządzenia pośredniczącego
    • b
    • Kod typu mediów
    • n
    • 2
    • Źródło (terminu i kodu)
    • rdamedia
338 -Typ/rodzaj nośnika [ , ]
    • a
    • Hasło opisujące typ nośnika
    • Wolumin
    • b
    • Kod typu nośnika
    • nc
    • 2
    • Źródło (terminu i kodu)
    • rdacarrier
500 -Uwaga ogólna [ , ]
    • a
    • Uwaga ogólna (NP)
    • "Przewodnik..." jest częścią podręcznika "Ekonomia" autorstwa: Kamerschena, McKenzie, Nardinelli.
080 -Uniwersalna Klasyfikacja Dziesiętna [ , ]
    • a
    • Symbol klasyfikacji
    • 330.1
    • 9
    • UKD
    • 2944
    • 2
    • Identyfikator wydania tablic
    • UDC-P058
    • b
    • Dopowiedzenie
    • Podstawowe pojęcia nauk ekonomicznych. Przedmiot i metody ekonomii. Prawa ekonomiczne. Wartość dodatkowa. Zasoby gospodarcze. Zasoby naturalne (ziemia, bogactwa naturalne). Dobra. Czynniki produkcji. Siły wytwórcze.
650 -Hasło przedmiotowe [ ,7]
    • a
    • Hasło przedmiotowe
    • Ekonomia
    • v
    • Określnik formalny
    • zadania i ćwiczenia.
    • 2
    • Źródło terminu
    • kaba
    • 9
    • KHW
    • 386996
650 -Hasło przedmiotowe [ ,7]
    • a
    • Hasło przedmiotowe
    • Ekonomia
    • v
    • Określnik formalny
    • podręczniki akademickie.
    • 2
    • Źródło terminu
    • kaba
    • 9
    • KHW
    • 352271
980 -Symbol UKD [ , ]
    • a
    • UKD
    • 330.1
700 -Hasło dodatkowe - nazwa osobowa [1, ]
    • a
    • Nazwa osobowa (NP)
    • Kuropatwiński, Piotr Find
    • d
    • Daty biograficzne (NP)
    • (1950- ).
    • e
    • Określenie rodzaju współpracy
    • Tł.
    • 9
    • KHW
    • 38823
700 -Hasło dodatkowe - nazwa osobowa [1, ]
    • a
    • Nazwa osobowa (NP)
    • Kamerschen, David R. Find
    • d
    • Daty biograficzne (NP)
    • (1937- ).
    • t
    • Tytuł ujednolicony/tytuł (NP)
    • Ekonomia Find
    • 9
    • KHW
    • 487206
710 -Hasło dodatkowe - nazwa ciała zbiorowego [2, ]
    • a
    • Nazwa ciała zbiorowego lub nazwa geograficzna jako pierwszy element (NP)
    • Fundacja Gospodarcza NSZZ "Solidarność".
    • 4
    • Kod relacji
    • pbl
    • 9
    • KHW
    • 466005
710 -Hasło dodatkowe - nazwa ciała zbiorowego [2, ]
    • a
    • Nazwa ciała zbiorowego lub nazwa geograficzna jako pierwszy element (NP)
    • Houghton Mifflin Company.
    • 4
    • Kod relacji
    • pbl
    • 9
    • KHW
    • 52252
920 -ISBN [ , ]
    • a
    • ISBN
    • 83-900567-2-0 Find
Lokalizacja Data inwentaryzacji Sygnatura Numer inwentarzowy Status udost.
BE1994-07-13 E.61920-2
BE1994-07-13 S.759942
BE1994-07-13 S.759952
BE1994-07-13 S.759962
BE1994-07-13 S.759972
BE1994-07-13 S.760442
BE1994-07-13 S.76045-3
BE1994-07-13 S.760462
BE1994-07-13 S.760472
BE1994-07-13 S.760482
BE1994-07-13 S.760492
BE1994-07-13 S.760502
BE1994-07-13 S.760512
BE1994-07-13 S.760522
BE1994-07-13 S.760542
BE1994-07-13 S.760572
BE1994-07-13 S.760596
BSA1994-07-13SA.6090SA.60901
T1994-07-13 TS.76058-3
T1994-07-13 TS.76055-3
T1994-07-13 TS.76056-3
T1994-07-13 TS.76053-3